000 00285nam a22001337a 4500
008 170526b xxu||||| |||| 00| 0 eng d
020 _a9780071497077
041 _aeng
080 _a621.3/.9
100 _a25
101 _aIM
245 _aBOATWORKS
_cALL MAGAZINE
942 _2udc
_cBK
999 _c14325
_d14325